000 00697nam a22002657a 4500
003 UA-OsUOA
001 26616
007 ta
008 20040608b un ||||| |||| 00| 0 ukr d
100 _aПустовіт Н.О.
700 _aПчелова З.Н.
090 _a504
_bП89
942 _cBK
040 _aUA-OsUOA
_bukr
_cUA-OsUOA
_dUA-OsUOA
245 _aЕкологічні задачі, ігри та вікторини
_bНавч. посібник
300 _a72 с.
_bІлюстрації
955 _a0
041 _aukr
080 _a504
020 _a5-12-004621-5
260 _aКиїв
_bНаук. думка
_c1995
044 _aUA
650 7 _2UDC
999 _c312943
_d312943